Basic Words - H - Statistics

General Stats
  • This quiz has been taken 50 times
  • The average score is 9 of 10
Answer Stats
Hint Answer % Correct
Food that McDonald's is most known for Hamburger
98%
Accessory, with kinds like fedoras and caps Hat
98%
Body part the above is placed on Head
98%
Female chicken Hen
98%
Building where people live House
98%
Big mound of land, smaller than a mountain Hill
95%
Fat, but dangerous African animal Hippo
90%
Animal sometimes used for transportation Horse
90%
Little prickly animal Hedgehog
83%
Flying vehicle with a rotor Helicopter
81%
No matching quizzes found
Score Distribution
Percent of People with Each Score
Percentile by Number Answered
Your Score History
You have not taken this quiz